Autour du festival d'Angoulême de BD - Statistiques

Statistiques générales
  • Ce quiz a été pris 15 fois
  • Le résultat moyen est 6 sur 30
Statistiques - réponses
Question Réponse % Correct
Le festival reçoit la visite du président de la République pour la 1ère fois en... 1985
40%
Depuis 1974 combien de femmes ont reçu le prix de la ville d'Angoulême ? 3
40%
Depuis 1974, sur 54 lauréats du Grand prix, combien sont Français ? 37
40%
Où se déroule le principal festival de BD d'Afrique ? A Alger en Algérie
40%
Le nom d'Alph'art donné aux récompenses de 1988 à 2003 est inspiré d'un auteur célèbre, lequel ? Hergé
40%
Quel pays n'a jamais vu un de ses auteurs récompensé par un prix du meilleur album, quelle que soit son appellation ? Iran
40%
Le festival international de la BD d'Angoulême a été créé en janvier 1974
40%
Avant 2023, aucun auteur s'exprimant dans cette langue n'a reçu le Grand Prix,... l'allemand
40%
Quelle condition n'est pas exigée pour les candidats du concours jeune talent ? S'exprimer en français
40%
Quelle est la nationalité du seul auteur sud-américain récompensé du Grand prix ? Argentine
20%
L'auteur de Chroniques de Jérusalem n'est pas français mais... canadien
20%
Un seul magazine satyrique a reçu un Grand prix spécial. Lequel ? Charlie-Hebdo
20%
Quel album n'a pas obtenu le prix de la meilleure oeuvre réaliste française ? Corto Maltese : La ballade de la mer salée
20%
Quelle association pseudonyme / nom réel est fausse ? Gill / Paul Gillon
20%
Quelle association auteur / personnage est incorrecte ? Jijé / Blueberry
20%
Le prix du meilleur album est actuellement appelé le fauve d'or
20%
Quel album de Jack Palmer reçoit un Alph'art ? L'enquête corse
20%
Auiourd'hui bien connu, Riad Sattouf reçoit un fauve d'or pour un de ses premiers albums, lequel ? Le premier
20%
Quel prix n'a jamais été décerné à Angoulême ? Prix Uderzo
20%
Quel dessinateur n'est pas présent lors de la 1ère édition du festival ? René Goscinny
20%
Le Grand prix de la ville d'Angoulême est remis à un auteur pour... Son oeuvre
20%
Quel album récompensé d'un Alph-art n'est pas l'oeuvre d'un auteur français ? V pour Vendetta
20%
En 1981, comment a été appelé le prix décerné à un jeune auteur prometteur ? Alfred de l'espoir
0%
Dans quelle autre ville de France, n'y-a-t-il pas de festival consacré à la BD , Béthune
0%
En 2023, l'auteur qui a reçu le Grand prix le plus jeune est Enki Bilal
0%
Le Prix Tournesol, décerné en marge du festival depuis 1997 récompense un album évoquant l'écologie
0%
Qui a reçu le prix du quinzième anniversaire du festival ? Hugo Prat
0%
En 2023, quel est le plus ancien auteur vivant récompensé par le Grand prix ? Jacques Tardi
0%
Quel album a été le premier à recevoir l'Alfred du meilleur album (français ou étranger) ? Jonathan tome 7
0%
Quel album n'existe pas ? Les disparues d'Angoulême
0%
Aucun quiz correspondant
Distribution des résultats
% des personnes avec chaque résultat
Percentile par nombre de réponses
Votre historique - résultats
Vous n’avez pas pris ce quiz